000 00696nam a2200265Ia 4500
001 7675
005 20240113234028.0
007 ta
008 050711s1965 g b000 u hin u
020 _cHB
040 _aCotton College Assam
041 _ahin
082 _a891.43309
_bSi 64 Up
100 _aSinha, Suresh .
245 0 _aUpanyas Shilpa aur Pravrittiyan /
_cSuresh Sinha.
_hTextual Documents
250 _a1st ed. /
260 _aLucknow :
_bRama Prakashan ,
_c1965.
300 _a246p. ;
_c22cm.
653 _aHindi novel-Criticism
653 _aLiterary Criticism-Hindi Novel
653 _aMS-Hindi
942 _2ddc
_cBK
999 _c7662
_d7662